[Event "RSA-chT U18"]
[Site "Cape Town"]
[Date "2016.01.04"]
[Round "1.7"]
[White "Ncamane, Mpumelelo"]
[Black "Fakude, Hopewell Mongezi"]
[Result "0-1"]
[WhiteElo "1177"]
[BlackElo "1657"]
[PlyCount "44"]
[EventDate "2016.01.04"]
[EventType "team-tourn"]
[EventRounds "7"]
[EventCountry "RSA"]
[SourceTitle "CBM 170 Extra"]
[Source "ChessBase"]
[SourceDate "2016.02.25"]
[SourceVersion "1"]
[SourceVersionDate "2016.02.25"]
[SourceQuality "1"]
[WhiteTeam "Sedibeng"]
[BlackTeam "Tshwane"]
[WhiteTeamCountry "RSA"]
[BlackTeamCountry "RSA"]

1. d4 Nf6 2. c4 e6 3. Nc3 Bb4 4. Bd2 0-0 5. e3 b6 6. Nf3 Bb7 7. Be2 d5 8. 0-0 Bd6 9. Ne1 c5 10. b3 e5 11. Nb5 exd4 12. Nxd6 Qxd6 13. exd4 cxd4 14. Nd3 Nc6 15. Bf3 Rac8 16. Rc1 Ba6 17. Re1 Rfe8 18. Nf4 Rxe1+ 19. Qxe1 dxc4 20. bxc4 Ne5 21. g3 Nxf3+ 22. Kf1 Nxe1 0-1